Partidos en el Congreso de los Diputados - Estadísticas

Estadísticas generales
  • Esta prueba ha sido intentada 116 veces
  • La puntuación promedio es 9 de 11
Estadísticas de respuestas
Escaños/Votos Respuesta % Correcto
137/ 8.160.837 PP
100%
121/ 7.821.718 PSOE
100%
33/ 3.057.000 VOX
98%
31/ 3.044.996 SUMAR
97%
7/ 395.429 JUNTS
87%
7/ 466.020 ERC
86%
6/ 335.129 EH BILDU
81%
5/ 277.289 PNV
80%
1/ 153.995 BNG
74%
1/ 116.363 CC
72%
1/ 52.188 UPN
61%
No se encontraron pruebas coincidentes
Distribución de puntuación
Porcentaje de gente con cada puntuación
Porcentaje por número respondido
Historial de tus puntuaciones
No has intentado esta prueba.